Loading...
| History - European | 0 | 8 | 0 | 3 | 80 | 21 | 103.75 | 1 | 3 | 0.00 | 0.00 |
| Science - Chemistry | 0 | 5 | 0 | 1 | 50 | 86 | 108.00 | 0 | 2 | 0.00 | 0.00 |
| History - Other | 0 | 5 | 1 | 2 | 45 | 112 | 125.40 | 0 | 1 | 0.00 | 0.00 |
| Science - Other | 0 | 5 | 1 | 0 | 45 | 91 | 108.40 | 0 | 2 | 0.00 | 0.00 |
| Social Science | 0 | 4 | 0 | 1 | 40 | 80 | 109.25 | 0 | 1 | 0.00 | 0.00 |
| Science - Physics | 0 | 4 | 0 | 1 | 40 | 97 | 114.50 | 0 | 1 | 0.00 | 0.00 |
| Science - Biology | 0 | 4 | 0 | 1 | 40 | 112 | 116.50 | 0 | 1 | 0.00 | 0.00 |
| History - American | 0 | 4 | 1 | 0 | 35 | 84 | 99.50 | 0 | 3 | 0.00 | 0.00 |
| History - World | 0 | 2 | 1 | 0 | 15 | 104 | 120.00 | 0 | 1 | 0.00 | 0.00 |
| Literature - British | 0 | 1 | 0 | 0 | 10 | 134 | 134.00 | 0 | 0 | 0.00 | 0.00 |
| Fine Arts - Classical Music | 0 | 1 | 0 | 0 | 10 | 135 | 135.00 | 0 | 0 | 0.00 | 0.00 |
| Fine Arts - Other | 0 | 1 | 0 | 1 | 10 | 139 | 139.00 | 0 | 0 | 0.00 | 0.00 |
| Fine Arts - Painting and Sculpture | 0 | 1 | 0 | 1 | 10 | 129 | 129.00 | 0 | 0 | 0.00 | 0.00 |
| Current Events | 0 | 1 | 0 | 1 | 10 | 121 | 121.00 | 0 | 1 | 0.00 | 0.00 |
| Mythology | 0 | 1 | 0 | 1 | 10 | 136 | 136.00 | 0 | 1 | 0.00 | 0.00 |
| Other Academic | 0 | 1 | 0 | 0 | 10 | 131 | 131.00 | 0 | 0 | 0.00 | 0.00 |
| Religion | 0 | 2 | 2 | 0 | 10 | 83 | 105.00 | 0 | 1 | 0.00 | 0.00 |
| Philosophy | 0 | 0 | 0 | 0 | 0 | 0.00 | 0 | 0 | 0.00 | 0.00 | |
| Geography | 0 | 0 | 1 | 0 | -5 | 0.00 | 0 | 0 | 0.00 | 0.00 |